La falsedad documental: análisis jurídico-penal
Saved in:
| Main Author: | |
|---|---|
| Format: | Book |
| Language: | Spanish |
| Published: |
Barcelona
Cedecs
1999
|
| Series: | Cedecs. Derecho Penal
|
| Subjects: | |
| Tags: |
Add Tag
No Tags, Be the first to tag this record!
|
MARC
| LEADER | 00000nam a2200000 a 4500 | ||
|---|---|---|---|
| 001 | UCM8751 | ||
| 003 | CL-VaPUC | ||
| 008 | 030328e19990000SP |||||||||||||||||spa|d | ||
| 082 | 0 | 4 | |a 345.06 |b VIL |2 21 |
| 100 | 0 | |a Villacampa Estiarte, Carolina |e author |9 474941 | |
| 245 | 1 | 3 | |a La falsedad documental: análisis jurídico-penal |
| 300 | |a 906 p | ||
| 942 | |c BK | ||
| 945 | |d 20030328 00:00:00 |a rbrito | ||
| 260 | |a Barcelona |b Cedecs |c 1999 | ||
| 650 | 7 | |a FALSIFICACION DOCUMENTARIA |2 CL-VaPUC |9 368518 | |
| 650 | 7 | |a DERECHO PENAL |2 CL-VaPUC |9 11 | |
| 650 | 7 | |a PRUEBA DOCUMENTAL |2 CL-VaPUC |9 370021 | |
| 650 | 0 | |a Apreciación de la prueba |9 254854 | |
| 583 | |a last modification |c 20030328 00:00:00 |k Rodrigo Vera | ||
| 490 | 0 | |a Cedecs. Derecho Penal | |
| 999 | |c 303189 |d 303187 | ||
| 952 | |0 0 |1 0 |4 0 |6 345_060000000000000_VIL_1999 |7 0 |8 A |9 364337 |a BIBDER |b BIBDER |d 2019-11-21 |i 3859258 |l 3 |o 345.06 VIL 1999 |p 3859258 |r 2023-11-28 |s 2023-11-23 |w 2019-11-21 |y BK |k DER | ||